000 00596nam a2200133Ia 4500
008 171212s9999 xx 000 0 und d
020 _a9781921313189
100 _aRoss, Malcolm;Pawley, Andrew;Osmond, Meredith
245 _cRoss, Malcolm;Pawley, Andrew;Osmond, Meredith
_aThe Lexicon of Proto Oceanic
_bThe culture and environment of ancestral Oceanic society: 2 The physical environment
260 _bANU E Press
_c2007
650 _aArchaeology
650 _aProto Oceanic language; Ethnology -- Oceania; Oceania -- Social life and customs
856 _uwww.jstor.org/stable/10.2307/j.ctt24hfkc
999 _c351370
_d351370